| 000 | 00532nam a2200181Ia 4500 | ||
|---|---|---|---|
| 003 | GCL | ||
| 008 | 140319s9999 xx 000 0 ara d | ||
| 040 |
_aGCL / _cGCL |
||
| 082 | 0 | 4 |
_aق _b327.2 _bص ا |
| 100 | 1 | _aصلاح العقاد | |
| 245 | 1 | 0 |
_aالسادات وكامب ديفيد / _cصلاح العقاد |
| 260 |
_a[S.N] : _bمكتبة مدبولى |
||
| 300 | _a198 ص | ||
| 490 | _a | ||
| 650 | 0 | 4 | _aالنزاع العربى الاسرائيلى |
| 650 | 0 | 4 | _aاتفاقيات كامب ديفيد |
| 942 |
_2ddc _cBK |
||
| 999 |
_c52764 _d52764 |
||